<?xml version="1.0" encoding="UTF-8"?>
<collection xmlns="http://www.loc.gov/MARC21/slim">
 <record>
  <leader>06077nam a2200421 a 4500</leader>
  <controlfield tag="001">kal1529</controlfield>
  <controlfield tag="003">Gr-AtHEAL</controlfield>
  <controlfield tag="005">20160421082332.0</controlfield>
  <controlfield tag="006">m        d        </controlfield>
  <controlfield tag="008">160413s2015    gr      s           gre|c</controlfield>
  <datafield tag="020" ind1=" " ind2=" ">
   <subfield code="a">9789606031625</subfield>
  </datafield>
  <datafield tag="040" ind1=" " ind2=" ">
   <subfield code="a">GR-AtHEAL</subfield>
   <subfield code="b">gre</subfield>
   <subfield code="c">GR-AtHEAL</subfield>
  </datafield>
  <datafield tag="082" ind1="0" ind2="4">
   <subfield code="a">459.5</subfield>
   <subfield code="2">23</subfield>
  </datafield>
  <datafield tag="100" ind1="1" ind2=" ">
   <subfield code="a">Σούτσιου, Τσίπριαν-Λουκρέτσιους.</subfield>
   <subfield code="8">366</subfield>
  </datafield>
  <datafield tag="245" ind1="1" ind2="0">
   <subfield code="a">Γραμματική της ρουμανικής γλώσσας</subfield>
   <subfield code="h">[Ηλεκτρονικός πόρος] </subfield>
   <subfield code="b">Μορφολογία</subfield>
   <subfield code="c">Σούτσιου, Τσίπριαν-Λουκρέτσιους ;  Ντοράτσι, Μιράντα-Μαρία ; Κριτικός αναγνώστης,Ντίνας,Κωνσταντίνος.</subfield>
  </datafield>
  <datafield tag="260" ind1=" " ind2=" ">
   <subfield code="a">Αθήνα :</subfield>
   <subfield code="b">Σύνδεσμος Ελληνικών Ακαδημαϊκών Βιβλιοθηκών,</subfield>
   <subfield code="c">c2015.</subfield>
  </datafield>
  <datafield tag="490" ind1=" " ind2=" ">
   <subfield code="a">Ακαδημαϊκά Ηλεκτρονικά Συγγράμματα και Βοηθήματα Κάλλιπος</subfield>
   <subfield code="8">40</subfield>
  </datafield>
  <datafield tag="520" ind1=" " ind2=" ">
   <subfield code="a">Η συγγραφή της γραμματικής μιας φυσικής και εν χρήσει γλώσσας συνιστά επιστημονικό εκπόνημα με καίριες γλωσσολογικές-επικοινωνιακές αλλά και κοινωνικο-ιστορικές παραμέτρους, καθώς η γλώσσα ως διαχρονικός και συγχρονικός φορέας πολιτισμού συνέχει κοινωνίες και συμβάλλει ως αιτία και αιτιατό στη μακροημέρευση της ταυτότητας των λαών. Η πρακτική διεκπεραίωση της σύνταξης της προκειμένης Γραμματικής της Ρουμανικής υπήρξε συνυφασμένη με την έντονη συναίσθηση της επιστημονικής και διδακτικής ευθύνης μου ως εκ γενετής ομιλούντα τη Ρουμανική, ως δασκάλου και ακαδημαϊκού απέναντι στους δυνάμει φοιτητές και διδάσκοντες αλλά και – εν γένει – στους εντρυφούντες σε μια ωραία, ζωντανή αλλά και πολύπλοκη γλώσσα. Η σύνταξη της προτεινόμενης Γραμματικής της Ρουμανικής Γλώσσας έρχεται να καλύψει το μεγάλο κενό που υπάρχει σε σύγκριση με άλλες γλώσσες για τις οποίες είναι πολλά τα βοηθήματα εκμαθήσεώς τους, με την πεποίθηση ότι τούτο θα αποτελέσει σημαντικό στήριγμα σε όλους εκείνους που κάνουν τα πρώτα βήματα στην εκμάθηση της Ρουμανικής Γλώσσας. Το βιβλίο αυτό απευθύνεται σε προπτυχιακούς και μεταπτυχιακούς φοιτητές και όχι μόνο, οι οποίοι διδάσκονται τη Ρουμανική Γλώσσα, ανεξαρτήτως επιπέδου, προκειμένου να αποκτήσουν το αντίστοιχο θεωρητικό και πρακτικό υπόβαθρο. Μπορεί να χρησιμοποιηθεί τόσο από μη εξοικειωμένους αναγνώστες, όσο και από αναγνώστες με προχωρημένες γνώσεις Ρουμανικής Γλώσσας. Διδάσκοντες, φοιτητές, σπουδαστές και επαγγελματίες μπορούν να βρουν στο βιβλίο αυτό το απαραίτητα υλικό για την εκμάθηση της Ρουμανικής Γλώσσας.</subfield>
  </datafield>
  <datafield tag="650" ind1=" " ind2="0">
   <subfield code="a">Romanian language</subfield>
   <subfield code="x">--Grammar.</subfield>
   <subfield code="8">1736</subfield>
  </datafield>
  <datafield tag="653" ind1=" " ind2=" ">
   <subfield code="a">Μορφολογία της ρουμανικής γλώσσας</subfield>
  </datafield>
  <datafield tag="653" ind1=" " ind2=" ">
   <subfield code="a">Κατάκτηση δεύτερης γλώσσας</subfield>
  </datafield>
  <datafield tag="653" ind1=" " ind2=" ">
   <subfield code="a">Διδασκαλία της γλώσσας</subfield>
  </datafield>
  <datafield tag="653" ind1=" " ind2=" ">
   <subfield code="a">Γραμματική της ρουμανικής γλώσσας</subfield>
  </datafield>
  <datafield tag="653" ind1=" " ind2=" ">
   <subfield code="a">Ρουμανική γλώσσα</subfield>
  </datafield>
  <datafield tag="653" ind1=" " ind2=" ">
   <subfield code="a">Γλωσσολογία</subfield>
   <subfield code="a">Μονογλωσσία/Πολυγλωσσία</subfield>
   <subfield code="a">Διγλωσσία</subfield>
  </datafield>
  <datafield tag="653" ind1=" " ind2=" ">
   <subfield code="a">Γλωσσολογία</subfield>
   <subfield code="a">Πεδία Γλωσσολογίας</subfield>
   <subfield code="a">Πεδία βάσει της δομής της γλώσσας</subfield>
   <subfield code="a">Μορφολογία</subfield>
  </datafield>
  <datafield tag="653" ind1=" " ind2=" ">
   <subfield code="a">Γλωσσολογία</subfield>
   <subfield code="a">Πεδία Γλωσσολογίας</subfield>
   <subfield code="a">Πεδία βάσει των φυσικών πτυχών της γλώσσας και της επικοινωνίας</subfield>
   <subfield code="a">Ορθογραφία, συστήματα γραφής</subfield>
  </datafield>
  <datafield tag="653" ind1=" " ind2=" ">
   <subfield code="a">Γλωσσολογία</subfield>
   <subfield code="a">Πεδία Γλωσσολογίας</subfield>
   <subfield code="a">Εφαρμοσμένη γλωσσολογία</subfield>
   <subfield code="a">Διδασκαλία της γλώσσας</subfield>
   <subfield code="a">Διδασκαλία της  ξένης γλώσσας</subfield>
  </datafield>
  <datafield tag="653" ind1=" " ind2=" ">
   <subfield code="a">Γλωσσολογία</subfield>
   <subfield code="a">Πεδία Γλωσσολογίας</subfield>
   <subfield code="a">Περιγραφική γλωσσολογία</subfield>
   <subfield code="a">Συγκριτική γλωσσολογία</subfield>
  </datafield>
  <datafield tag="653" ind1=" " ind2=" ">
   <subfield code="a">Γλωσσολογία</subfield>
   <subfield code="a">Πεδία Γλωσσολογίας</subfield>
   <subfield code="a">Πεδία βάσει της δομής της γλώσσας</subfield>
   <subfield code="a">Φωνητική</subfield>
  </datafield>
  <datafield tag="653" ind1=" " ind2=" ">
   <subfield code="a">Γλωσσολογία</subfield>
   <subfield code="a">Πεδία Γλωσσολογίας</subfield>
   <subfield code="a">Πεδία βάσει της δομής της γλώσσας</subfield>
   <subfield code="a">Γραμματική</subfield>
  </datafield>
  <datafield tag="700" ind1="1" ind2=" ">
   <subfield code="a">Ντοράτσι, Μιράντα-Μαρία</subfield>
   <subfield code="e">Συγγραφέας</subfield>
   <subfield code="8">387</subfield>
  </datafield>
  <datafield tag="700" ind1="1" ind2=" ">
   <subfield code="a">Ντίνας,Κωνσταντίνος</subfield>
   <subfield code="e">Κριτικός αναγνώστης</subfield>
   <subfield code="8">388</subfield>
  </datafield>
  <datafield tag="856" ind1="4" ind2="0">
   <subfield code="u">http://hdl.handle.net/11419/1529</subfield>
   <subfield code="z">Πλήρες Κείμενο - Full text</subfield>
  </datafield>
  <datafield tag="907" ind1=" " ind2=" ">
   <subfield code="a">.b2567710x</subfield>
   <subfield code="b">12-06-18</subfield>
   <subfield code="c">29-07-16</subfield>
  </datafield>
  <datafield tag="949" ind1=" " ind2=" ">
   <subfield code="0">0</subfield>
   <subfield code="1">0</subfield>
   <subfield code="2">ddc</subfield>
   <subfield code="4">0</subfield>
   <subfield code="6">459_500000000000000_ΣΟΥ</subfield>
   <subfield code="7">0</subfield>
   <subfield code="8">KALL</subfield>
   <subfield code="8">468</subfield>
   <subfield code="d">2016-04-13</subfield>
   <subfield code="r">2016-04-13</subfield>
   <subfield code="w">2016-04-13</subfield>
   <subfield code="z">459.5 ΣΟΥ</subfield>
   <subfield code="o">SEAB KALLIPOS</subfield>
  </datafield>
  <datafield tag="998" ind1=" " ind2=" ">
   <subfield code="a">80</subfield>
   <subfield code="a">01</subfield>
   <subfield code="a">02</subfield>
   <subfield code="a">03</subfield>
   <subfield code="a">04</subfield>
   <subfield code="a">05</subfield>
   <subfield code="a">06</subfield>
   <subfield code="a">07</subfield>
   <subfield code="a">08</subfield>
   <subfield code="a">09</subfield>
   <subfield code="a">10</subfield>
   <subfield code="a">11</subfield>
   <subfield code="a">12</subfield>
   <subfield code="a">13</subfield>
   <subfield code="a">14</subfield>
   <subfield code="a">15</subfield>
   <subfield code="a">16</subfield>
   <subfield code="a">17</subfield>
   <subfield code="a">18</subfield>
   <subfield code="a">19</subfield>
   <subfield code="a">20</subfield>
   <subfield code="a">21</subfield>
   <subfield code="a">22</subfield>
   <subfield code="a">23</subfield>
   <subfield code="a">24</subfield>
   <subfield code="a">25</subfield>
   <subfield code="a">26</subfield>
   <subfield code="b">15-07-00</subfield>
   <subfield code="c">m</subfield>
   <subfield code="d">z  </subfield>
   <subfield code="e">-</subfield>
   <subfield code="f">gre</subfield>
   <subfield code="g">gr </subfield>
   <subfield code="h">0</subfield>
  </datafield>
  <datafield tag="942" ind1=" " ind2=" ">
   <subfield code="2">ddc</subfield>
   <subfield code="c">KALLIPOS</subfield>
  </datafield>
 </record>
</collection>
